| 000 | 00651nam a2200205 i 4500 | ||
|---|---|---|---|
| 001 | 118030 | ||
| 003 | ES-MaACL | ||
| 005 | 20250831015843.0 | ||
| 007 | t| | ||
| 008 | 070214s1931 sp r ||||1| spa d | ||
| 100 | 1 |
_aPereyra, Carlos, _d1871-1942 _990541 |
|
| 245 | 1 | 3 |
_aEl mito de Monroe _b: (1763-1860) / _cCarlos Pereyra. |
| 260 |
_aMadrid : _bM. Aguilar, _c1931. |
||
| 300 |
_a584 p. ; _c20 cm. |
||
| 650 | 4 |
_aMonroe, Doctrina de. _9149194 |
|
| 651 | 4 |
_aEstados Unidos- _xRelaciones- _zAmérica Latina _98561 |
|
| 651 | 4 |
_aAmérica Latina- _xRelaciones- _zEstados Unidos _97761 |
|
| 852 |
_aES-MaACL _jA-1414 |
||
| 999 |
_c118030 _d118030 |
||